000 00414nam a2200181Ia 4500
001 7796
005 20260306160521.0
008 260306t1974||||xx |||||||||||||| ||spa||
041 _aESP
082 _a362.29
_bB81
100 _aBrau, Jean Louis
_eAUT
245 0 _aHistoria de las drogas
260 _c1974
300 _a440 páginas :
_c18 cm.
650 _aGEN
654 _aCPS
942 _cLIB
_dJUS
_fJUS
_2ddc
_n
999 _c7796
_d7796